000 00576cam1a220019300 4500
001 tmp15718057
003 UPRA
005 20190813173041.0
008 951011s1961 ilu eng u
035 _a(Sirsi) r67115
035 _a(UPRA)tmp15718057
040 _cUPRA
100 1 _aReveno, William S.
_6A27738.1
245 1 0 _a711 medical maxims.
260 _aSpringfield, IL :
_bC.C. Thomas,
_c[1961]
650 0 _aMedicine -- Handbooks, manuals, etc.
_xMedicine -- Handbooks, manuals, etc.
_6S146.2
949 _aRC55
_wLC
_i-89842
_mMEDICAL
_tBOOK
_lON-SHELF
004 67115
999 _c42812
_d42812